In-line/on-line : (Record no. 6916)
[ view plain ]
| 000 -LEADER | |
|---|---|
| fixed length control field | 00789cam a22002412 4500 |
| 001 - CONTROL NUMBER | |
| control field | 0000005211 |
| 005 - DATE AND TIME OF LATEST TRANSACTION | |
| control field | 20151217151956.0 |
| 008 - FIXED-LENGTH DATA ELEMENTS--GENERAL INFORMATION | |
| fixed length control field | 070608s xx 000 0 eng d |
| 020 ## - INTERNATIONAL STANDARD BOOK NUMBER | |
| International Standard Book Number | 0072367555 : |
| Terms of availability | KES 7,450 |
| 040 ## - CATALOGING SOURCE | |
| Original cataloging agency | KABU |
| Transcribing agency | KABU |
| 050 #0 - LIBRARY OF CONGRESS CALL NUMBER | |
| Classification number | TK5105.875 |
| Item number | .I57G74 2002 |
| 100 1# - MAIN ENTRY--PERSONAL NAME | |
| Personal name | Greenlaw, Raymond. |
| -- | 0000156368 |
| 245 10 - TITLE STATEMENT | |
| Title | In-line/on-line : |
| Remainder of title | fundamentals of the internet and the World Wide Web / |
| Statement of responsibility, etc. | Raymond Greenlaw, Ellen Hepp. |
| 250 ## - EDITION STATEMENT | |
| Edition statement | 2nd ed. |
| 260 ## - PUBLICATION, DISTRIBUTION, ETC. (IMPRINT) | |
| Place of publication, distribution, etc. | Boston : |
| Name of publisher, distributor, etc. | WCB/McGraw-Hill, |
| Date of publication, distribution, etc. | c1999. |
| 300 ## - PHYSICAL DESCRIPTION | |
| Extent | xxiv, 696 p. |
| 650 ## - SUBJECT ADDED ENTRY--TOPICAL TERM | |
| Topical term or geographic name as entry element | Internet |
| 650 #0 - SUBJECT ADDED ENTRY--TOPICAL TERM | |
| Topical term or geographic name as entry element | World wide web (Information retrieval system) |
| -- | 0000151347 |
| 700 1# - ADDED ENTRY--PERSONAL NAME | |
| Personal name | Hepp, Ellen. |
| -- | 0000156369 |
| 908 ## - PUT COMMAND PARAMETER (RLIN) | |
| Put command parameter | 070608 |
| 950 ## - LOCAL HOLDINGS (RLIN) | |
| -- | 1 |
| Withdrawn status | Lost status | Source of classification or shelving scheme | Not for loan | Home library | Current library | Date acquired | Total Checkouts | Full call number | Barcode | Date last seen | Price effective from | Koha item type |
|---|---|---|---|---|---|---|---|---|---|---|---|---|
| Library of Congress Classification | Kabarak, Main Campus | Kabarak, Main Campus | 17/12/2015 | TK5105.875 .I57G74 2002 | 010398 | 17/12/2015 | 17/12/2015 | General Collection |